[Event "TUN-ch"]
[Site "Hammamet"]
[Date "2013.03.21"]
[Round "8"]
[White "Gaieb, Amen Allah"]
[Black "Karoui, Seif Eddine"]
[Result "1/2-1/2"]
[WhiteElo "1986"]
[BlackElo "2078"]
[PlyCount "66"]
[EventDate "2013.03.16"]
[EventType "swiss"]
[EventRounds "9"]
[EventCountry "TUN"]
[SourceTitle "CBM 153 Extra"]
[Source "ChessBase"]
[SourceDate "2013.04.22"]
[SourceVersion "1"]
[SourceVersionDate "2013.04.22"]
[SourceQuality "1"]

1. c4 c5 2. g3 g6 3. Bg2 Bg7 4. Nc3 Nc6 5. e3 Nh6 6. Nge2 Nf5 7. a3 0-0 8. Rb1 d6 9. b3 Bd7 10. Bb2 Rb8 11. Qc2 a6 12. 0-0 b5 13. Nd5 Bxb2 14. Rxb2 e6 15. Ndc3 b4 16. axb4 Nxb4 17. Qb1 Qc8 18. Rd1 Bc6 19. d4 Bxg2 20. Kxg2 cxd4 21. Nxd4 d5 22. Nxf5 gxf5 23. Rd4 Rd8 24. Qd1 dxc4 25. Rxd8+ Qxd8 26. Qxd8+ Rxd8 27. bxc4 Nd3 28. Rb6 Rc8 29. Rxa6 Rxc4 30. Ra3 Ne1+ 31. Kf1 Nf3 32. Kg2 Ne1+ 33. Kf1 Nf3 1/2-1/2

[Event "TUN-ch"]
[Site "Hammamet"]
[Date "2013.03.17"]
[Round "3"]
[White "Karoui, Seif Eddine"]
[Black "Taieb, Sahbi"]
[Result "1/2-1/2"]
[WhiteElo "2078"]
[BlackElo "2147"]
[PlyCount "83"]
[EventDate "2013.03.16"]
[EventType "swiss"]
[EventRounds "9"]
[EventCountry "TUN"]
[SourceTitle "CBM 153 Extra"]
[Source "ChessBase"]
[SourceDate "2013.04.22"]
[SourceVersion "1"]
[SourceVersionDate "2013.04.22"]
[SourceQuality "1"]

1. e4 c5 2. Nf3 e6 3. d4 cxd4 4. Nxd4 a6 5. c4 Nf6 6. Bd3 Nc6 7. Nxc6 dxc6 8. 0-0 e5 9. Bg5 Be7 10. Nc3 Nd7 11. Be3 0-0 12. Bc2 Nf6 13. Qe2 Ng4 14. Rad1 Qc7 15. Bc1 Be6 16. h3 Nf6 17. f4 exf4 18. e5 Nd7 19. Bxf4 Rfd8 20. Kh1 Nf8 21. Rc1 Ng6 22. Nd5 cxd5 23. cxd5 Bxd5 24. Bxg6 Qd7 25. Be4 Bxe4 26. Qxe4 Rac8 27. Rxc8 Rxc8 28. Rf2 b5 29. b3 Qe6 30. Rc2 h6 31. Qf3 b4 32. Qe4 Rd8 33. Re2 Qd5 34. Qc2 Qd1+ 35. Kh2 Qxc2 36. Rxc2 Rd5 37. Re2 g5 38. Bg3 Bc5 39. Rc2 Rd1 40. e6 Bg1+ 41. Kh1 Bc5+ 42. Kh2 1/2-1/2